Skip to content
VuFind
Login
All Fields
Title
Author
Subject
Call Number
ISBN/ISSN
Tag
Find
Advanced
Clinical Examination in Genera...
Cite this
Text this
Email this
Print
Export Record
Export to RefWorks
Export to EndNoteWeb
Export to EndNote
Export to MARC
Export to BibTeX
Export to RIS
Save to List
Permanent link
Clinical Examination in General Medicine /
Saved in:
Bibliographic Details
Format:
Book
Language:
English
Tags:
Add Tag
No Tags, Be the first to tag this record!
Holdings
Description
Comments
Similar Items
Staff View
MARC
LEADER
00000nam a22000007a 4500
003
LK-ApPL
005
20251021122205.0
008
251021b |||||||| |||| 00| 0 eng d
040
|a
LK-ApPL
|b
eng
|d
LK-ApPL
041
|a
eng
082
|2
23
|a
610
245
|a
Clinical Examination in General Medicine /
300
|a
193 p ;
|c
17 cm.
942
|c
REF
999
|c
24155
|d
24155
Similar Items
Examination in clinical medicine
by: Jayasinghe, Chandrika
Published: (2009)
Clinical Examination/
Clinical examination
by: Macleod, John
Published: (1979)
Clinical examination /
Published: (1997)
Clinical Medicine /